Countries of the 1936 Olympics - Statistics

General Stats
  • This quiz has been taken 96 times
  • The average score is 34 of 49
Answer Stats
Number of Athletes Answer % Correct
310 USA
94%
201 France
92%
207 Great Britain
92%
176 Austria
91%
86 Canada
91%
150 Sweden
91%
348 Germany
90%
72 Norway
90%
116 Denmark
89%
32 Australia
87%
209 Hungary
87%
51 Argentina
86%
107 Finland
86%
182 Italy
86%
153 Japan
86%
19 Portugal
84%
73 Brazil
82%
40 Greece
81%
34 Mexico
80%
120 Belgium
78%
174 Switzerland
77%
90 Yugoslavia
77%
112 Poland
76%
48 Turkey
76%
128 Netherlands
75%
27 India
73%
7 New Zealand
73%
24 Bulgaria
72%
5 Colombia
72%
162 Czechoslovakia
72%
54 Egypt
71%
53 Romania
71%
40 Chile
70%
44 Luxembourg
62%
25 South Africa
59%
33 Estonia
58%
37 Uruguay
57%
24 Latvia
56%
40 Peru
54%
1 Bolivia
53%
12 Iceland
53%
6 Monaco
44%
6 Liechtenstein
43%
28 Philippines
38%
14 Afghanistan
37%
11 Malta
34%
1 Costa Rica
30%
54 Taiwan
18%
5 Bermuda
4%
No matching quizzes found
Score Distribution
Percent of People with Each Score
Percentile by Number Answered
Your Score History
You have not taken this quiz